La familia alcohólica

Kaydedildi:
Detaylı Bibliyografya
Asıl Yazarlar: Steinglass, Peter (Yazar), Bennett, Linda A (Yazar), Wolin, Steven J (Yazar), Reiss, David (Yazar)
Materyal Türü: Kitap
Dil:İspanyolca
Baskı/Yayın Bilgisi: Barcelona Gedisa 2001
Seri Bilgileri:Terapia Familiar
Konular:
Etiketler: Etiketle
Etiket eklenmemiş, İlk siz ekleyin!

MARC

LEADER 00000nam a2200000 a 4500
001 UCI7396
003 CL-VaPUC
008 080703e20010000SP |||||||||||||||||spa|d
020 |a 8474323398 
082 0 4 |a 362.292  |b STE  |2 21 
100 0 |a Steinglass, Peter  |e author  |9 530625 
700 0 |a Bennett, Linda A  |e author  |9 530626 
700 0 |a Wolin, Steven J  |e author  |9 530627 
700 0 |a Reiss, David  |e author  |9 530628 
245 1 3 |a La familia alcohólica 
300 |a 349 p 
942 |c BK 
945 |d 20080703 00:00:00  |a rbrito 
260 |a Barcelona  |b Gedisa  |c 2001 
650 0 |a Alcoholismo  |9 259651 
650 0 |a Familias   |9 255641 
650 0 |a Terapia familiar  |9 312193 
650 7 |a EMBRIAGUEZ  |2 CL-VaPUC  |9 530629 
650 7 |a BEBIDAS ALCOHOLICAS  |2 CL-VaPUC  |9 257200 
650 7 |a PSICOTERAPIA  |2 CL-VaPUC  |9 530630 
583 |a last modification  |c 20080703 00:00:00  |k Rodrigo Vera 
490 0 |a Terapia Familiar 
999 |c 330695  |d 330693 
952 |0 0  |1 0  |4 0  |6 362_292000000000000_STE_2001  |7 0  |8 A  |9 416398  |a BIBEDU  |b BIBEDU  |c ES_NOD  |d 2019-11-22  |i 4453875  |o 362.292 STE 2001  |p 4453875  |r 2023-08-09  |w 2019-11-22  |y BK  |k PSI